000 00500cam a2200193ua 4500
001 11118
008 190905n ii |||gr||||Z||||||asm
020 _a9789324400482
040 _cMAIN
041 _aasm
082 _a491.451
100 _aSatish Chandra Bhattacharyya,
_eAuthor.
245 _aAsamiya lipitattwa adhyayan
_cBy Satish Chandra Bhattacharyya
250 _a1st ed.
260 _aGuwahati:
_bChandra prakash,
_c2013.
300 _a240+16p.
653 _aAssamese script
942 _cBK
999 _c9981
_d9981